Statystyki dla Grosza daj wiedźminowi - (zgadnij tekst)

Kliknij tutaj aby rozwiązać quiz!

Ogólne statystyki

  • Ten quiz został rozwiązany 372 razy
  • Średni wynik to 68 z 134

Statystyki odpowiedzi

Słowo% Poprawnych
daj
98%
Grosza
98%
wiedźmin,
98%
Wiedźminowi,
96%
potrząśnij,
94%
sakiewką
94%
z
80%
ludzkości,
72%
ludzkości!
72%
obrońcy
69%
na
67%
64%
co?
62%
co
62%
i
62%
I
62%
bard,
60%
Rivii
60%
śpiewa
60%
Geraltem
59%
wam,
59%
mi
58%
skromny
58%
za
58%
balladę
57%
no
57%
bo
56%
wyruszył
56%
szlak.
55%
jak?!
54%
jak
54%
nim
52%
róg,
52%
już!"
51%
już
51%
do
50%
lutnię,
50%
To
50%
to
50%
Biały
49%
nasz
48%
psa!
48%
skopali
48%
Wilk,
48%
jest
47%
jest,
47%
tam,
47%
biesiady.
46%
Diaboła
46%
spotkał
46%
Zniszczyli
46%
elfów
45%
Elfy
45%
szukał
45%
urządzał
45%
zwady,
45%
był
44%
chwycił
44%
Lecz
44%
"Mam
44%
mnie,
44%
morderczy
44%
obrońca
44%
on
44%
podstępem,
44%
się
44%
ten
44%
zapłakał
44%
dosyć
43%
nóg.
42%
pieśń,
42%
Pochwycili
42%
przed
42%
obalił
41%
40%
mu
40%
od
40%
precz,
40%
szczyt,
40%
tylu
40%
więc!
40%
gdzie
39%
górski
39%
hufcami
39%
ich.
39%
Oto
39%
stwór,
39%
bohater
38%
ludzi,
38%
moja
38%
nalejcie
38%
rogaty
38%
toastu
38%
wart.
38%
Ciała
37%
daleko
37%
dźgał
37%
miejsce
37%
pokonał,
37%
wasz
37%
cisnął
35%
nasze
35%
wrogów
35%
bestii
34%
kark,
34%
nie
34%
sam
34%
Choć
31%
zmiażdżył
31%
oberwał
30%
twój
23%
szacunek
22%
Szacunkiem
22%
historii.
20%
przechodzi
20%
smolone!
18%
wszystko
18%
duby
17%

Rozkład punktacji

Percentyl według liczby udzielonych odpowiedzi

Procent ludzi z każdym wynikiem

Twoja historia wyników

Nie rozwiązałeś tego quizu